| 000 | 01027 a2200217 4500 | ||
|---|---|---|---|
| 003 | Nust | ||
| 005 | 20221116120848.0 | ||
| 010 | _a 80022869 | ||
| 020 | _a0333293843 | ||
| 040 | _cNust | ||
| 082 | 0 | 0 | _a621.37,GRE |
| 100 | 1 |
_aGregory, B. A. _9102668 |
|
| 245 | 1 | 3 |
_aAn introduction to electrical instrumentation and measurement systems : _ba guide to the use, selection, and limitations of electrical instruments and measurement systems / _cB.A. Gregory. |
| 250 | _a2nd ed. / | ||
| 260 |
_aNew York : _bWiley, _c1981. |
||
| 300 |
_ax,, 446 p. : _bill. ; _c24 cm. |
||
| 505 | _aIntroduction (Page-1), Analogue Instruments (Page-53), Comparison Methods (Page-146), Digital Instruments (Page-186), Transducers (Page-234), Signal Conditioning (Page-277), Interference and Screening (Page-331), Instrument Selection and Specification Analysis (Page-360), Instrument Systems (Page-379), Problems and Exercises (Page-398). | ||
| 650 | 0 |
_aElectric measurements. _941286 |
|
| 650 | 0 |
_aElectric meters. _941367 |
|
| 942 |
_2ddc _cBK |
||
| 999 |
_c181028 _d181028 |
||